| 000 | 00000nas##2200000za#4500 |
|---|---|
| 001 | 9.514692 |
| 003 | CaOODSP |
| 005 | 20201118084411 |
| 007 | ta |
| 008 | 150406c2001||||xxc|| m #||||f| |0eng|d |
| 040 | |aCaOODSP|beng |
| 043 | |an-cn--- |
| 086 | 1 |aH113-11E |
| 110 | 1 |aCanada. |bPest Management Regulatory Agency. |
| 245 | 10|aNAFTA joint review series |
| 260 | |aOttawa - Ontario : |bHealth Canada. |
| 563 | |aSoftcover |
| 776 | 0#|tNAFTA joint review |w(CaOODSP)9.504450 |